[Event "DVM U20w 2020"]
[Site "Willingen GER"]
[Date "2021.06.26"]
[Round "5"]
[White "Oberhofer, Marie"]
[Black "Voigt, Anastasia"]
[Result "0-1"]
[Termination "normal"]
[Board "1.3"]
[WhiteElo "1771"]
[BlackElo "1738"]
[WhiteClock "00:02:33"]
[BlackClock "00:50:49"]
[WhiteTeam "SC Bavaria Regensburg von 1881 e.V."]
[BlackTeam "USV Halle"]
[PlyCount "116"]
[WhiteFideId "12938165"]
[BlackFideId "16235223"]
[EventCountry "GER"]
[EventRounds "7"]
[EventType "team-swiss"]
[EventDate "2021.06.23"]

1. e4 {[%clk 01:30:58]} {[%emt 00:00:02]} e5 {[%clk 01:30:55]} {[%emt
00:00:06]} 2. Nf3 {[%clk 01:31:21]} {[%emt 00:00:06]} Nc6 {[%clk 01:31:19]}
{[%emt 00:00:06]} 3. Bb5 {[%clk 01:31:46]} {[%emt 00:00:05]} a6 {[%clk
01:31:41]} {[%emt 00:00:07]} 4. Ba4 {[%clk 01:32:13]} {[%emt 00:00:03]} Nf6
{[%clk 01:32:05]} {[%emt 00:00:07]} 5. O-O {[%clk 01:32:18]} {[%emt 00:00:25]}
b5 {[%clk 01:32:14]} {[%emt 00:00:21]} 6. Bb3 {[%clk 01:32:43]} {[%emt
00:00:05]} Be7 {[%clk 01:32:35]} {[%emt 00:00:09]} 7. Re1 {[%clk 01:32:49]}
{[%emt 00:00:24]} d6 {[%clk 01:32:57]} {[%emt 00:00:08]} 8. c3 {[%clk
01:33:09]} {[%emt 00:00:10]} Na5 {[%clk 01:33:12]} {[%emt 00:00:15]} 9. Bc2
{[%clk 01:33:25]} {[%emt 00:00:13]} c5 {[%clk 01:32:58]} {[%emt 00:00:45]} 10.
d3 {[%clk 01:32:31]} {[%emt 00:01:24]} O-O {[%clk 01:32:36]} {[%emt 00:00:52]}
11. Nbd2 {[%clk 01:31:10]} {[%emt 00:01:51]} Nc6 {[%clk 01:32:20]} {[%emt
00:00:45]} 12. Nf1 {[%clk 01:29:37]} {[%emt 00:02:04]} Re8 {[%clk 01:31:52]}
{[%emt 00:00:58]} 13. Ng3 {[%clk 01:27:25]} {[%emt 00:02:43]} h6 {[%clk
01:31:43]} {[%emt 00:00:39]} 14. h3 {[%clk 01:24:49]} {[%emt 00:03:06]} Be6
{[%clk 01:31:00]} {[%emt 00:01:12]} 15. Bb3 {[%clk 01:14:02]} {[%emt 00:11:16]}
Bf8 {[%clk 01:28:58]} {[%emt 00:02:33]} 16. a4 {[%clk 01:04:40]} {[%emt
00:09:52]} Qd7 {[%clk 01:26:43]} {[%emt 00:02:44]} 17. Bd2 {[%clk 01:00:20]}
{[%emt 00:04:50]} Qb7 {[%clk 01:22:57]} {[%emt 00:04:15]} 18. Bxe6 {[%clk
00:56:28]} {[%emt 00:04:24]} fxe6 {[%clk 01:16:54]} {[%emt 00:06:32]} 19. Qb3
{[%clk 00:51:46]} {[%emt 00:05:12]} Rab8 {[%clk 01:15:43]} {[%emt 00:01:37]}
20. axb5 {[%clk 00:45:15]} {[%emt 00:07:06]} axb5 {[%clk 01:15:10]} {[%emt
00:01:02]} 21. Ra2 {[%clk 00:38:30]} {[%emt 00:07:16]} d5 {[%clk 01:11:43]}
{[%emt 00:03:57]} 22. Qc2 {[%clk 00:26:57]} {[%emt 00:12:02]} Bd6 {[%clk
01:07:46]} {[%emt 00:04:28]} 23. Rea1 {[%clk 00:23:34]} {[%emt 00:03:53]} Ra8
{[%clk 01:06:08]} {[%emt 00:02:07]} 24. Qb3 {[%clk 00:22:07]} {[%emt 00:01:57]}
b4 {[%clk 01:00:45]} {[%emt 00:05:52]} 25. Ra4 {[%clk 00:15:55]} {[%emt
00:06:43]} Rxa4 {[%clk 00:57:47]} {[%emt 00:03:29]} 26. Qxa4 {[%clk 00:16:13]}
{[%emt 00:00:12]} Re7 {[%clk 00:52:44]} {[%emt 00:05:31]} 27. exd5 {[%clk
00:14:19]} {[%emt 00:02:26]} exd5 {[%clk 00:51:54]} {[%emt 00:01:20]} 28. Nf5
{[%clk 00:14:38]} {[%emt 00:00:11]} Rd7 {[%clk 00:50:09]} {[%emt 00:02:14]} 29.
Nxd6 {[%clk 00:13:24]} {[%emt 00:01:45]} Rxd6 {[%clk 00:50:21]} {[%emt
00:00:18]} 30. Qa8+ {[%clk 00:13:07]} {[%emt 00:00:48]} Qxa8 {[%clk 00:49:51]}
{[%emt 00:00:59]} 31. Rxa8+ {[%clk 00:13:33]} {[%emt 00:00:04]} Kf7 {[%clk
00:50:03]} {[%emt 00:00:18]} 32. Ra6 {[%clk 00:11:50]} {[%emt 00:02:13]} Ke6
{[%clk 00:49:20]} {[%emt 00:01:12]} 33. d4 {[%clk 00:07:05]} {[%emt 00:05:16]}
bxc3 {[%clk 00:43:56]} {[%emt 00:05:54]} 34. bxc3 {[%clk 00:06:28]} {[%emt
00:01:08]} cxd4 {[%clk 00:42:55]} {[%emt 00:01:31]} 35. cxd4 {[%clk 00:04:45]}
{[%emt 00:02:12]} Nxd4 {[%clk 00:42:21]} {[%emt 00:01:04]} 36. Nxd4+ {[%clk
00:04:08]} {[%emt 00:01:07]} exd4 {[%clk 00:42:13]} {[%emt 00:00:38]} 37. Ra4
{[%clk 00:03:53]} {[%emt 00:00:44]} Ke5 {[%clk 00:41:27]} {[%emt 00:01:16]} 38.
g3 {[%clk 00:02:43]} {[%emt 00:01:41]} Ke4 {[%clk 00:40:52]} {[%emt 00:01:04]}
39. Bc3 {[%clk 00:02:19]} {[%emt 00:00:55]} Kd3 {[%clk 00:39:22]} {[%emt
00:02:00]} 40. Bxd4 {[%clk 00:02:13]} {[%emt 00:00:36]} Rc6 {[%clk 00:38:37]}
{[%emt 00:01:03]} 41. Be3 {[%clk 00:29:54]} {[%emt 00:03:00]} g5 {[%clk
01:06:43]} {[%emt 00:02:25]} 42. Rd4+ {[%clk 00:29:15]} {[%emt 00:01:09]} Ke2
{[%clk 01:04:42]} {[%emt 00:02:31]} 43. Rd2+ {[%clk 00:23:44]} {[%emt
00:06:01]} Kf3 {[%clk 01:03:34]} {[%emt 00:01:38]} 44. Rd4 {[%clk 00:21:30]}
{[%emt 00:02:44]} Rc4 {[%clk 01:02:03]} {[%emt 00:01:59]} 45. Rd3 {[%clk
00:20:27]} {[%emt 00:01:34]} Ke4 {[%clk 01:01:14]} {[%emt 00:01:16]} 46. Rd1
{[%clk 00:19:49]} {[%emt 00:01:12]} d4 {[%clk 01:00:49]} {[%emt 00:00:55]} 47.
Bc1 {[%clk 00:20:03]} {[%emt 00:00:16]} Rc3 {[%clk 00:56:47]} {[%emt 00:04:31]}
48. Kg2 {[%clk 00:15:23]} {[%emt 00:05:11]} Nd5 {[%clk 00:55:00]} {[%emt
00:02:15]} 49. Bb2 {[%clk 00:13:57]} {[%emt 00:01:56]} Rc4 {[%clk 00:54:08]}
{[%emt 00:01:21]} 50. f3+ {[%clk 00:13:28]} {[%emt 00:01:02]} Ke3 {[%clk
00:52:41]} {[%emt 00:01:57]} 51. Bc1+ {[%clk 00:12:27]} {[%emt 00:01:32]} Ke2
{[%clk 00:52:17]} {[%emt 00:00:53]} 52. Rf1 {[%clk 00:11:56]} {[%emt 00:01:00]}
Ne3 {[%clk 00:52:12]} {[%emt 00:00:36]} 53. Bxe3 {[%clk 00:12:18]} {[%emt
00:00:08]} dxe3 {[%clk 00:52:36]} {[%emt 00:00:06]} 54. f4 {[%clk 00:11:07]}
{[%emt 00:01:42]} gxf4 {[%clk 00:51:31]} {[%emt 00:01:34]} 55. gxf4 {[%clk
00:11:23]} {[%emt 00:00:13]} Kd2 {[%clk 00:51:04]} {[%emt 00:00:57]} 56. Kf3
{[%clk 00:06:17]} {[%emt 00:05:37]} e2 {[%clk 00:50:21]} {[%emt 00:01:12]} 57.
Rf2 {[%clk 00:05:57]} {[%emt 00:00:50]} Rc3+ {[%clk 00:50:44]} {[%emt
00:00:07]} 58. Ke4 {[%clk 00:02:33]} {[%emt 00:03:55]} Kd1 {[%clk 00:50:49]}
{[%emt 00:00:25]} 0-1

[Event "DVM U20w 2020"]
[Site "Willingen GER"]
[Date "2021.06.26"]
[Round "5"]
[White "Stowicek, Yara Mathilda"]
[Black "Pavlov, Liliane"]
[Result "1-0"]
[Termination "normal"]
[Board "1.4"]
[WhiteElo "1736"]
[BlackElo "1740"]
[WhiteClock "00:16:08"]
[BlackClock "00:00:47"]
[WhiteTeam "USV Halle"]
[BlackTeam "SC Bavaria Regensburg von 1881 e.V."]
[PlyCount "67"]
[WhiteFideId "16203569"]
[BlackFideId "16225449"]
[EventCountry "GER"]
[EventRounds "7"]
[EventType "team-swiss"]
[EventDate "2021.06.23"]

1. e4 {[%clk 01:30:57]} {[%emt 00:00:03]} c5 {[%clk 01:30:47]} {[%emt
00:00:13]} 2. c3 {[%clk 01:31:21]} {[%emt 00:00:06]} d6 {[%clk 01:30:44]}
{[%emt 00:00:35]} 3. Nf3 {[%clk 01:30:32]} {[%emt 00:01:17]} Nf6 {[%clk
01:30:50]} {[%emt 00:00:25]} 4. d3 {[%clk 01:30:05]} {[%emt 00:00:57]} Nc6
{[%clk 01:30:02]} {[%emt 00:01:18]} 5. Be3 {[%clk 01:28:53]} {[%emt 00:01:42]}
e5 {[%clk 01:27:06]} {[%emt 00:03:27]} 6. Nbd2 {[%clk 01:27:13]} {[%emt
00:02:09]} h6 {[%clk 01:26:45]} {[%emt 00:00:51]} 7. h3 {[%clk 01:26:36]}
{[%emt 00:01:06]} Be6 {[%clk 01:23:02]} {[%emt 00:04:13]} 8. d4 {[%clk
01:19:09]} {[%emt 00:07:58]} cxd4 {[%clk 01:22:53]} {[%emt 00:00:39]} 9. cxd4
{[%clk 01:19:27]} {[%emt 00:00:12]} exd4 {[%clk 01:22:35]} {[%emt 00:00:48]}
10. Nxd4 {[%clk 01:19:46]} {[%emt 00:00:11]} Nxd4 {[%clk 01:06:26]} {[%emt
00:16:39]} 11. Bxd4 {[%clk 01:20:00]} {[%emt 00:00:16]} Be7 {[%clk 01:06:44]}
{[%emt 00:00:12]} 12. Bd3 {[%clk 01:18:04]} {[%emt 00:02:25]} O-O {[%clk
01:06:28]} {[%emt 00:00:45]} 13. O-O {[%clk 01:17:28]} {[%emt 00:01:07]} Qa5
{[%clk 01:03:22]} {[%emt 00:03:36]} 14. Bc3 {[%clk 01:15:46]} {[%emt 00:02:12]}
Qh5 {[%clk 00:57:29]} {[%emt 00:06:24]} 15. Qe1 {[%clk 01:10:05]} {[%emt
00:06:10]} Rac8 {[%clk 00:44:27]} {[%emt 00:13:33]} 16. Qe3 {[%clk 01:09:31]}
{[%emt 00:01:04]} g5 {[%clk 00:34:27]} {[%emt 00:10:29]} 17. f4 {[%clk
00:57:51]} {[%emt 00:12:11]} d5 {[%clk 00:25:35]} {[%emt 00:09:22]} 18. Bd4
{[%clk 00:46:35]} {[%emt 00:11:45]} dxe4 {[%clk 00:20:42]} {[%emt 00:05:24]}
19. Nxe4 {[%clk 00:45:49]} {[%emt 00:01:16]} Nd5 {[%clk 00:20:23]} {[%emt
00:00:49]} 20. Qg3 {[%clk 00:40:12]} {[%emt 00:06:05]} f5 {[%clk 00:15:39]}
{[%emt 00:05:15]} 21. fxg5 {[%clk 00:33:19]} {[%emt 00:07:23]} hxg5 {[%clk
00:08:08]} {[%emt 00:08:02]} 22. Qe5 {[%clk 00:29:13]} {[%emt 00:04:35]} Qg6
{[%emt 00:07:19]} 23. Ng3 {[%clk 00:27:50]} Nf4 {[%clk 00:02:16]} {[%emt
00:01:26]} 24. Bxf5 {[%clk 00:23:54]} {[%emt 00:04:26]} Bxf5 {[%clk 00:02:11]}
{[%emt 00:00:35]} 25. Nxf5 {[%clk 00:23:43]} {[%emt 00:00:40]} Rxf5 {[%clk
00:02:12]} {[%emt 00:00:29]} 26. Qxe7 {[%clk 00:22:52]} {[%emt 00:01:21]} Re8
{[%clk 00:02:15]} {[%emt 00:00:29]} 27. Qb4 {[%clk 00:22:24]} {[%emt 00:00:56]}
Qc6 {[%clk 00:01:22]} {[%emt 00:01:24]} 28. Rf2 {[%clk 00:20:01]} {[%emt
00:02:53]} Ne2+ {[%clk 00:01:43]} {[%emt 00:00:09]} 29. Kh1 {[%clk 00:15:00]}
{[%emt 00:05:30]} Ng3+ {[%clk 00:00:45]} {[%emt 00:01:29]} 30. Kh2 {[%clk
00:15:02]} {[%emt 00:00:27]} Qc7 {[%clk 00:00:50]} {[%emt 00:00:25]} 31. Qb3+
{[%clk 00:15:24]} {[%emt 00:00:07]} Kh7 {[%clk 00:00:38]} {[%emt 00:00:43]} 32.
Qxg3 {[%clk 00:15:39]} {[%emt 00:00:15]} Qxg3+ {[%clk 00:00:34]} {[%emt
00:00:35]} 33. Kxg3 {[%clk 00:16:03]} {[%emt 00:00:05]} Rxf2 {[%clk 00:00:47]}
{[%emt 00:00:18]} 34. Bxf2 {[%clk 00:16:08]} {[%emt 00:00:23]} 1-0

[Event "DVM U20w 2020"]
[Site "Willingen GER"]
[Date "2021.06.26"]
[Round "5"]
[White "Peglau, Mirjam"]
[Black "Reinecke, Katharina"]
[Result "1/2-1/2"]
[Termination "normal"]
[Board "2.1"]
[WhiteElo "1923"]
[BlackElo "1950"]
[WhiteClock "00:13:06"]
[BlackClock "00:04:15"]
[WhiteTeam "Schachzentrum Seeblick e. V."]
[BlackTeam "SK Langen"]
[PlyCount "53"]
[WhiteFideId "16211138"]
[BlackFideId "12929727"]
[EventCountry "GER"]
[EventRounds "7"]
[EventType "team-swiss"]
[EventDate "2021.06.23"]

1. d4 {[%clk 01:30:57]} {[%emt 00:00:03]} d5 {[%clk 01:30:54]} {[%emt
00:00:07]} 2. Nf3 {[%clk 01:31:22]} {[%emt 00:00:05]} Nf6 {[%clk 01:31:17]}
{[%emt 00:00:07]} 3. c4 {[%clk 01:31:45]} {[%emt 00:00:07]} c6 {[%clk
01:31:40]} {[%emt 00:00:07]} 4. Nbd2 {[%clk 01:32:07]} {[%emt 00:00:08]} e6
{[%clk 01:31:21]} {[%emt 00:00:49]} 5. e3 {[%clk 01:32:07]} {[%emt 00:00:29]}
Nbd7 {[%clk 01:26:38]} {[%emt 00:05:13]} 6. Bd3 {[%clk 01:31:53]} {[%emt
00:00:44]} Be7 {[%clk 01:23:01]} {[%emt 00:04:07]} 7. O-O {[%clk 01:27:16]}
{[%emt 00:05:07]} O-O {[%clk 01:17:53]} {[%emt 00:05:38]} 8. b3 {[%clk
01:24:21]} {[%emt 00:03:25]} a5 {[%clk 01:09:22]} {[%emt 00:09:02]} 9. Bb2
{[%clk 01:20:49]} {[%emt 00:04:01]} b6 {[%clk 01:03:00]} {[%emt 00:06:52]} 10.
e4 {[%clk 01:18:28]} {[%emt 00:02:51]} dxe4 {[%clk 01:01:18]} {[%emt 00:02:13]}
11. Nxe4 {[%clk 01:18:27]} {[%emt 00:00:30]} Bb7 {[%clk 00:58:43]} {[%emt
00:03:06]} 12. Qe2 {[%clk 01:15:49]} {[%emt 00:03:07]} Nxe4 {[%clk 00:55:13]}
{[%emt 00:04:00]} 13. Bxe4 {[%clk 01:15:53]} {[%emt 00:00:27]} Nf6 {[%clk
00:52:44]} {[%emt 00:02:58]} 14. Bc2 {[%clk 01:15:16]} {[%emt 00:01:07]} Qc7
{[%clk 00:45:42]} {[%emt 00:07:33]} 15. Rfd1 {[%clk 01:07:12]} {[%emt
00:08:33]} Rfd8 {[%clk 00:42:01]} {[%emt 00:04:11]} 16. Rd3 {[%clk 00:57:21]}
{[%emt 00:10:21]} c5 {[%clk 00:39:34]} {[%emt 00:02:58]} 17. dxc5 {[%clk
00:56:10]} {[%emt 00:01:40]} Qxc5 {[%clk 00:34:48]} {[%emt 00:05:17]} 18. Rad1
{[%clk 00:54:04]} {[%emt 00:02:35]} Rxd3 {[%clk 00:30:01]} {[%emt 00:05:17]}
19. Qxd3 {[%clk 00:50:59]} {[%emt 00:03:35]} Qh5 {[%clk 00:23:30]} {[%emt
00:07:02]} 20. Ne5 {[%clk 00:37:44]} {[%emt 00:13:45]} g6 {[%clk 00:17:21]}
{[%emt 00:06:39]} 21. f3 {[%clk 00:33:23]} {[%emt 00:04:50]} Rd8 {[%clk
00:13:39]} {[%emt 00:04:11]} 22. Qe2 {[%clk 00:20:58]} {[%emt 00:12:56]} Qg5
{[%clk 00:11:02]} {[%emt 00:03:08]} 23. Rxd8+ {[%clk 00:18:11]} {[%emt
00:03:16]} Bxd8 {[%clk 00:11:30]} {[%emt 00:00:02]} 24. Qd3 {[%clk 00:15:26]}
{[%emt 00:03:13]} Bc7 {[%clk 00:07:43]} {[%emt 00:04:19]} 25. Nd7 {[%clk
00:12:39]} {[%emt 00:03:17]} Nxd7 {[%clk 00:04:55]} {[%emt 00:03:18]} 26. Qxd7
{[%clk 00:13:07]} {[%emt 00:00:02]} Qd8 {[%clk 00:04:15]} {[%emt 00:01:10]} 27.
Qxd8+ {[%clk 00:13:06]} {[%emt 00:00:31]} 1/2-1/2

[Event "DVM U20w 2020"]
[Site "Willingen GER"]
[Date "2021.06.26"]
[Round "5"]
[White "Poetsch, Leonore"]
[Black "Peglau, Dora"]
[Result "1/2-1/2"]
[Termination "normal"]
[Board "2.2"]
[WhiteElo "1980"]
[BlackElo "1673"]
[WhiteClock "00:55:45"]
[BlackClock "00:12:46"]
[WhiteTeam "SK Langen"]
[BlackTeam "Schachzentrum Seeblick e. V."]
[PlyCount "113"]
[WhiteFideId "12940372"]
[BlackFideId "16220005"]
[EventCountry "GER"]
[EventRounds "7"]
[EventType "team-swiss"]
[EventDate "2021.06.23"]

1. e4 {[%clk 01:30:57]} {[%emt 00:00:03]} c6 {[%clk 01:30:54]} {[%emt
00:00:06]} 2. Nf3 {[%clk 01:31:20]} {[%emt 00:00:07]} d5 {[%clk 01:31:18]}
{[%emt 00:00:06]} 3. Nc3 {[%clk 01:31:45]} {[%emt 00:00:05]} dxe4 {[%clk
01:31:42]} {[%emt 00:00:06]} 4. Nxe4 {[%clk 01:32:10]} {[%emt 00:00:05]} Nd7
{[%clk 01:31:50]} {[%emt 00:00:22]} 5. d4 {[%clk 01:32:01]} {[%emt 00:00:40]}
Ngf6 {[%clk 01:32:11]} {[%emt 00:00:09]} 6. Bd3 {[%clk 01:32:00]} {[%emt
00:00:31]} Nxe4 {[%clk 01:32:31]} {[%emt 00:00:10]} 7. Bxe4 {[%clk 01:32:24]}
{[%emt 00:00:05]} Nf6 {[%clk 01:32:54]} {[%emt 00:00:07]} 8. Bd3 {[%clk
01:31:33]} {[%emt 00:01:21]} Bg4 {[%clk 01:33:02]} {[%emt 00:00:23]} 9. c3
{[%clk 01:31:16]} {[%emt 00:00:48]} e6 {[%clk 01:31:56]} {[%emt 00:01:35]} 10.
Bg5 {[%clk 01:28:54]} {[%emt 00:02:51]} Qd5 {[%clk 01:30:11]} {[%emt 00:02:16]}
11. Bxf6 {[%clk 01:27:21]} {[%emt 00:02:04]} Bxf3 {[%clk 01:29:07]} {[%emt
00:01:33]} 12. gxf3 {[%clk 01:25:02]} {[%emt 00:02:49]} gxf6 {[%clk 01:29:25]}
{[%emt 00:00:12]} 13. Be4 {[%clk 01:24:36]} {[%emt 00:00:56]} Qb5 {[%clk
01:27:13]} {[%emt 00:02:41]} 14. Qb3 {[%clk 01:21:12]} {[%emt 00:03:55]} O-O-O
{[%clk 01:24:38]} {[%emt 00:03:05]} 15. Qxb5 {[%clk 01:11:55]} {[%emt
00:09:47]} cxb5 {[%clk 01:24:59]} {[%emt 00:00:09]} 16. a4 {[%clk 01:07:15]}
{[%emt 00:05:10]} b4 {[%clk 01:23:52]} {[%emt 00:01:37]} 17. a5 {[%clk
01:06:42]} {[%emt 00:01:03]} f5 {[%clk 01:22:14]} {[%emt 00:02:08]} 18. Bc2
{[%clk 01:06:08]} {[%emt 00:01:03]} Kb8 {[%clk 01:17:10]} {[%emt 00:05:34]} 19.
a6 {[%clk 00:59:19]} {[%emt 00:07:20]} b6 {[%clk 01:15:11]} {[%emt 00:02:29]}
20. Ke2 {[%clk 00:57:26]} {[%emt 00:02:23]} Bg7 {[%clk 01:07:31]} {[%emt
00:08:10]} 21. Rhd1 {[%clk 00:53:27]} {[%emt 00:04:29]} Rc8 {[%clk 01:06:15]}
{[%emt 00:01:46]} 22. Rd3 {[%clk 00:50:34]} {[%emt 00:03:22]} Rhd8 {[%clk
01:04:41]} {[%emt 00:02:05]} 23. f4 {[%clk 00:49:01]} {[%emt 00:02:03]} bxc3
{[%clk 01:04:25]} {[%emt 00:00:45]} 24. bxc3 {[%clk 00:48:44]} {[%emt
00:00:47]} Bxd4 {[%clk 01:04:13]} {[%emt 00:00:42]} 25. Rad1 {[%clk 00:47:38]}
{[%emt 00:01:37]} Bf6 {[%clk 01:03:50]} {[%emt 00:00:53]} 26. Rd7 {[%clk
00:43:54]} {[%emt 00:04:14]} Rxd7 {[%clk 01:03:37]} {[%emt 00:00:43]} 27. Rxd7
{[%clk 00:44:20]} {[%emt 00:00:04]} Rxc3 {[%clk 00:51:42]} {[%emt 00:12:25]}
28. Bd3 {[%clk 00:37:46]} {[%emt 00:07:04]} Rc7 {[%clk 00:51:33]} {[%emt
00:00:38]} 29. Bb5 {[%clk 00:38:07]} {[%emt 00:00:10]} Rxd7 {[%clk 00:47:31]}
{[%emt 00:04:32]} 30. Bxd7 {[%clk 00:38:32]} {[%emt 00:00:05]} Bd4 {[%clk
00:47:11]} {[%emt 00:00:49]} 31. Be8 {[%clk 00:38:12]} {[%emt 00:00:50]} f6
{[%clk 00:46:56]} {[%emt 00:00:45]} 32. Bd7 {[%clk 00:38:27]} {[%emt 00:00:16]}
e5 {[%clk 00:45:59]} {[%emt 00:01:28]} 33. Bxf5 {[%clk 00:37:56]} {[%emt
00:01:00]} h6 {[%clk 00:45:52]} {[%emt 00:00:36]} 34. fxe5 {[%clk 00:37:29]}
{[%emt 00:00:58]} Bxe5 {[%clk 00:45:06]} {[%emt 00:01:16]} 35. h4 {[%clk
00:37:30]} {[%emt 00:00:29]} Kc7 {[%clk 00:45:08]} {[%emt 00:00:29]} 36. Kd3
{[%clk 00:36:14]} {[%emt 00:01:45]} b5 {[%clk 00:44:44]} {[%emt 00:00:54]} 37.
Ke4 {[%clk 00:33:34]} {[%emt 00:03:10]} Kb6 {[%clk 00:41:28]} {[%emt 00:03:44]}
38. Bc8 {[%clk 00:33:58]} {[%emt 00:00:07]} b4 {[%clk 00:41:18]} {[%emt
00:00:41]} 39. Kd3 {[%clk 00:33:54]} {[%emt 00:00:33]} b3 {[%clk 00:27:43]}
{[%emt 00:14:06]} 40. Kd2 {[%clk 00:31:29]} {[%emt 00:02:54]} Kb5 {[%clk
00:23:21]} {[%emt 00:04:52]} 41. Kc1 {[%clk 00:30:14]} {[%emt 00:01:46]} Bd4
{[%clk 00:08:31]} {[%emt 00:15:20]} 42. f3 {[%clk 00:30:07]} {[%emt 00:00:37]}
h5 {[%emt 00:04:28]} 43. Be6 {[%clk 00:29:46]} Bf2 {[%clk 00:25:05]} {[%emt
00:10:49]} 44. Bf7 {[%clk 00:58:28]} {[%emt 00:01:48]} Bxh4 {[%clk 00:20:55]}
{[%emt 00:04:40]} 45. Bxh5 {[%clk 00:58:30]} {[%emt 00:00:27]} Bg3 {[%clk
00:18:52]} {[%emt 00:02:34]} 46. Kb2 {[%clk 00:58:01]} {[%emt 00:00:59]} Kb4
{[%clk 00:16:51]} {[%emt 00:02:32]} 47. Bg6 {[%clk 00:57:16]} {[%emt 00:01:14]}
Be5+ {[%clk 00:16:43]} {[%emt 00:00:38]} 48. Kb1 {[%clk 00:57:34]} {[%emt
00:00:12]} Kb5 {[%clk 00:15:20]} {[%emt 00:01:53]} 49. Bd3+ {[%clk 00:55:22]}
{[%emt 00:02:40]} Kc5 {[%clk 00:15:10]} {[%emt 00:00:41]} 50. Be4 {[%clk
00:55:38]} {[%emt 00:00:15]} Kc4 {[%clk 00:15:08]} {[%emt 00:00:32]} 51. Bb7
{[%clk 00:55:40]} {[%emt 00:00:28]} Kc5 {[%clk 00:14:49]} {[%emt 00:00:49]} 52.
Be4 {[%clk 00:55:56]} {[%emt 00:00:13]} Bd4 {[%clk 00:14:20]} {[%emt 00:01:00]}
53. Bb7 {[%clk 00:55:09]} {[%emt 00:01:17]} f5 {[%clk 00:14:02]} {[%emt
00:00:48]} 54. Bc8 {[%clk 00:55:13]} {[%emt 00:00:25]} Kb6 {[%clk 00:12:59]}
{[%emt 00:01:33]} 55. Bb7 {[%clk 00:55:10]} {[%emt 00:00:34]} f4 {[%clk
00:12:44]} {[%emt 00:00:45]} 56. Kc1 {[%clk 00:55:20]} {[%emt 00:00:19]} Kb5
{[%clk 00:12:46]} {[%emt 00:00:29]} 57. Kb1 {[%clk 00:55:45]} {[%emt 00:00:05]}
1/2-1/2

[Event "DVM U20w 2020"]
[Site "Willingen GER"]
[Date "2021.06.26"]
[Round "5"]
[White "Peglau, Sarah"]
[Black "Flach, Helene"]
[Result "1/2-1/2"]
[Termination "normal"]
[Board "2.3"]
[WhiteElo "1733"]
[BlackElo "1749"]
[WhiteClock "00:22:38"]
[BlackClock "00:06:11"]
[WhiteTeam "Schachzentrum Seeblick e. V."]
[BlackTeam "SK Langen"]
[PlyCount "94"]
[WhiteFideId "16219961"]
[BlackFideId "12929735"]
[EventCountry "GER"]
[EventRounds "7"]
[EventType "team-swiss"]
[EventDate "2021.06.23"]

1. d4 {[%emt 0:00:02]} d5 {[%emt 0:00:10]} 2. c4 {[%emt 0:00:04]} e6 {[%emt 0:
00:08]} 3. Nc3 {[%emt 0:00:05]} Be7 {[%emt 0:00:08]} 4. Nf3 {[%emt 0:00:09]}
Nf6 {[%emt 0:00:07]} 5. Bg5 {[%emt 0:00:58]} O-O {[%emt 0:00:15]} 6. e3 { [%emt
0:00:07]} Nbd7 {[%emt 0:00:25]} 7. Qc2 {[%emt 0:01:47]} b6 {[%emt 0:00: 46]} 8.
cxd5 {[%emt 0:04:03]} exd5 {[%emt 0:00:08]} 9. Bd3 {[%emt 0:05:27]} Bb7 {[%emt
0:01:01]} 10. O-O {[%emt 0:01:34]} c5 {[%emt 0:03:49]} 11. dxc5 { [%emt
0:00:18]} bxc5 {[%emt 0:00:14]} 12. Rfd1 {[%emt 0:08:24]} h6 {[%emt 0:13: 34]}
13. Bxf6 {[%emt 0:04:11]} Nxf6 {[%emt 0:04:06]} 14. Rac1 {[%emt 0:21:09]} Qa5
{[%emt 0:07:04]} 15. Qa4 {[%emt 0:03:39]} Qb6 {[%emt 0:07:38]} 16. Rd2 { [%emt
0:08:17]} Rfd8 {[%emt 0:07:50]} 17. Be2 {[%emt 0:02:33]} Ne4 {[%emt 0:18: 21]}
18. Rdc2 {[%emt 0:23:15]} c4 {[%emt 0:05:12]} 19. Nd4 {[%emt 0:04:16]} Nc5
{[%emt 0:01:03]} 20. Qb5 {[%emt 0:00:14]} Qc7 {[%emt 0:00:42]} 21. b4 {[%emt 0:
04:33]} cxb3 {[%emt 0:03:21]} 22. Nxb3 {[%emt 0:00:08]} Ba6 {[%emt 0:16:46]}
23. Qa5 {[%emt 0:00:16]} Qb6 {[%emt 0:04:54]} 24. Bxa6 {[%emt 0:02:04]} Nxb3 {
[%emt 0:01:10]} 25. Qxb6 {[%emt 0:00:26]} axb6 {[%emt 0:00:05]} 26. axb3 {
[%emt 0:00:19]} Rxa6 {[%emt 0:00:05]} 27. Na4 {[%emt 0:02:04]} b5 {[%emt 0:01:
07]} 28. Nc5 {[%emt 0:00:02]} Ra3 {[%emt 0:02:55]} 29. b4 {[%emt 0:00:32]} d4 {
[%emt 0:00:39]} 30. exd4 {[%emt 0:00:49]} Rxd4 {[%emt 0:00:08]} 31. Rb1 { [%emt
0:02:12]} Rxb4 {[%emt 0:00:38]} 32. Re1 {[%emt 0:00:33]} Rc4 {[%emt 0:01: 22]}
33. Rxc4 {[%emt 0:00:31]} bxc4 {[%emt 0:00:04]} 34. Ne4 {[%emt 0:00:14]} Bb4
{[%emt 0:00:54]} 35. Rc1 {[%emt 0:00:06]} c3 {[%emt 0:00:08]} 36. Kf1 { [%emt
0:00:10]} f5 {[%emt 0:00:26]} 37. Ng3 {[%emt 0:00:14]} g6 {[%emt 0:00:28] } 38.
Rc2 {[%emt 0:00:30]} Ra1+ {[%emt 0:00:41]} 39. Ke2 Rb1 {[%emt 0:00:39]} 40. f3
{[%emt 0:02:43]} Rb2 {[%emt 0:00:36]} 41. Kd3 {[%emt 0:02:45]} Kf7 { [%emt
0:01:14]} 42. Ne2 {[%emt 0:00:45]} Ke6 {[%emt 0:08:06]} 43. Nxc3 { [%emt
0:04:37]} Bxc3 {[%emt 0:05:15]} 44. Kxc3 {[%emt 0:00:11]} Rxc2+ {[%emt 0:
00:09]} 45. Kxc2 Ke5 {[%emt 0:07:11]} 46. Kd3 {[%emt 0:01:52]} g5 {[%emt 0:00:
21]} 47. g3 {[%emt 0:02:11]} g4 {[%emt 0:05:47] normal} 1/2-1/2